000
00246nam a2200097Ia 4500
001
683295
005
20250826161435.0
008
250824s9999 xx 000 0 und d
245
0
_a
KERİME
_c
BAHADIR YENİŞEHİRLİOĞLU
260
_b
TİMAŞ YAYINLARI
999
_c
683295
_d
683295